| 000 | 01980cam a22005174i 4500 | ||
|---|---|---|---|
| 003 | PE-LiUPU | ||
| 005 | 20250825160026.0 | ||
| 008 | 150617s1967 nyu r 000 0 eng d | ||
| 035 | _a(Sirsi) a10630; | ||
| 040 |
_aPE-LiUPU _bspa _cPE-LiUPU _erda |
||
| 049 | _aPRUA | ||
| 082 | 0 | 4 |
_a220.52032 _bH761 _221 |
| 130 |
_aBiblia. _lInglés. _sAutorizada. _f1967. |
||
| 212 | _aBiblia: King James | ||
| 245 | 1 | 4 |
_aThe Holy Bible, containing the Old and New Testaments. King James version, 1611. / _cTraducido de las lenguas originales y con las traducciones anteriores comparadas y revisadas diligentemente. |
| 264 | 1 |
_aNew York : _bAmerican Bible Society, _c[1967]. |
|
| 300 |
_a1094 páginas en color ; _c22 centímetros |
||
| 336 |
_atext _2rdacontent |
||
| 337 |
_aunmediated _2rdamedia |
||
| 338 |
_avolume _2rdacarrier |
||
| 500 | _aVersión 1611. | ||
| 505 | 0 | _aThe books of old testament -- The book of new testament. | |
| 526 | _aSEG42 | ||
| 526 | _aSEG41 | ||
| 526 | _aSEG40 | ||
| 526 | _aSEG39 | ||
| 526 | _aP94 | ||
| 526 | _aP87 | ||
| 526 | _aP86 | ||
| 526 | _aP85 | ||
| 526 | _aP77 | ||
| 526 | _aP76 | ||
| 526 | _aP35 | ||
| 630 | 1 | 4 |
_aBiblia. _lInglés. _sKing James. _f1967. |
| 630 | 0 |
_aBiblia. _92418 _vTraducciones al inglés. |
|
| 710 | 2 | _aAmerican Bible Society. | |
| 910 | _ajck | ||
| 942 |
_2ddc _cBOOK |
||
| 949 |
_a220.4 K56 Ingles _wDEWEY _c1 _i10594 _lCCODEBUL1 _mBUL _p20.00 _r0 _sY _tBOOK _u2015-04-21 _xTEOLOGIA _0COMPRA _o.STAFF. Colección Teología |
||
| 949 |
_a220.4 K56 _wDEWEY _c2 _i10597 _lCCODEBUL1 _mBUL _p20.00 _r0 _sY _tBOOK _u2015-04-21 _xTEOLOGIA _0COMPRA _o.STAFF. Colección Teología |
||
| 949 |
_a220.4 K56 Ingles _wDEWEY _c3 _i10595 _lCCODEBUL1 _mBUL _p20.00 _r0 _sY _tBOOK _u2015-04-21 _xTEOLOGIA _0COMPRA _o.STAFF. Colección Teología |
||
| 980 |
_818226 _gJaime Vilcazán Jefe de Análisis Documental |
||
| 999 |
_c699 | 2 | 3 _d699 |
||